000 01506cam a2200397 i 4500
001 190638
003 ES-MaACL
005 20251014063308.0
008 220228s1999 sp f 001 0 spa
020 _a950-15-1988-0
080 _a34.096 Pinochet Ugarte, Augusto
080 _a34 Garzón, Baltasar
080 _a343.4(83)"1973/88"
080 _a343.4(82)"1976/83"
100 1 _aBérmudez, Norberto,
_d1954-
_9174239
245 1 3 _aEl testigo secreto :
_b[el juez Garzón contra la impunidad en Argentina y Chile : cómo atrapó a Pinochet] /
_cNorberto Bérmudez y Juan Gasparini.
250 _a2ª ed.
260 _aBarcelona :
_bJavier Vergara,
_c1999.
300 _a228, [42] p., [12] p. de lám. ;
_c23 cm.
490 1 _aTextos libres
500 _aAnexo documental: [42] p.
599 _aAnexo fotográfico: [12] p. de lám.
600 1 4 _aPinochet Ugarte, Augusto-
_xProcesos.
_992186
600 1 4 _aGarzón, Baltasar,
_d1955-
_955817
650 4 _aDerecho internacional penal.
_9135888
650 4 _aDerechos humanos-
_zChile.
_9174240
650 4 _aDerechos humanos-
_zArgentina.
_9174241
650 4 _aExtradición-
_zEspaña.
_9174242
700 1 _aGasparini, Juan,
_d1949-
_9174243
830 1 _aTextos libres
_9225918
852 4 _aES-MaACL
_jA-14901
_9197817
_bR.152317
_cDEPO1
_dOlim: N-7901
_hDonación: José Lázaro
903 _9234219
_aLázaro García, José
_ednr
942 _2udc
_cMONOGRAFIA
999 _c190638
_d190638